00463nam a2200169 a 45000010010000000030011000100080041000210200015000620350026000771000022001032450054001252600037001793000017002165000017002336500013002508560030002630001-1192ELIB.Books150513 2010 eng  a0817013385 a(ELIB.Books)0001-1347 aGaustad, Edwin S. aLiberty of Conscience:bRoger Williams In America aValley ForgebJudson Pressc1999 a229c21.5 Cm aC/o Moe Lwei aBaptists nKBTS: LibraryuKBTS: Elib